El concepto de ideología

Đã lưu trong:
Chi tiết về thư mục
Tác giả chính: Larraín Ibáñez, Jorge (Tác giả)
Định dạng: Sách
Ngôn ngữ:Tiếng Tây Ban Nha
Được phát hành: Santiago Lom 2007
Phiên bản:1a. ed
Loạt:Escafandra
Những chủ đề:
Các nhãn: Thêm thẻ
Không có thẻ, Là người đầu tiên thẻ bản ghi này!

MARC

LEADER 00000cam a2200000 a 4500
001 UCI8958
003 CL-VaPUC
005 20250313110308.0
008 081016e20070000CL |||||||||||||||||spa|d
999 |c 331680  |d 331678 
020 |a 9789562829953o.c 
020 |a 9789562829366v.1 
020 |a 9789562829960 v.2 
020 |a 9789560001047v.3 
020 |a 9789560001771v.4 
040 |c Pontificia Universidad Católica de Valparaíso 
082 0 4 |a 140  |b LAR  |2 21 
100 |a Larraín Ibáñez, Jorge  |e author  |9 601100 
245 1 3 |a El concepto de ideología 
250 |a 1a. ed 
260 |a Santiago  |b Lom  |c 2007 
300 |a v 
490 0 |a Escafandra 
500 |a v.1: Marx 
500 |a v.2: El marxismo posterior a Marx: Gramci y Althusser 
500 |a v.3: Irracionalismo, historicismo y positivismo: Nietzsche, Mannheim y Durkheim 
583 |a last modification  |c 20130617 01:04:13  |k Rodrigo Vera 
650 0 |a Ideología  |9 255854 
650 0 |a Filosofía política  |9 295215 
650 0 |a Ideología  |2 CL-VaPUC  |9 887356  |x Historia 
942 |c BK  |2 ddc 
945 |d 20081016 00:00:00  |a rbrito 
952 |0 0  |1 0  |4 0  |6 140_000000000000000_LAR_2007  |7 0  |8 A  |9 418612  |a BIBCUR  |b BIBCUR  |d 2019-11-22  |h v.2  |i 448908K  |o 140 LAR 2007  |p 448908K  |r 2025-04-22  |w 2019-11-22  |y BK  |k MGC 
952 |0 0  |1 0  |4 0  |6 140_000000000000000_LAR_2007  |7 0  |8 A  |9 418613  |a BIBCUR  |b BIBCUR  |d 2019-11-22  |h v.1  |i 4494377  |o 140 LAR 2007  |p 4494377  |r 2025-04-22  |w 2019-11-22  |y BK  |k MGC 
952 |0 0  |1 0  |4 0  |6 140_000000000000000_LAR_2007  |7 0  |8 A  |9 418614  |a BIBCUR  |b BIBCUR  |d 2019-11-22  |h v.2  |i 4494385  |o 140 LAR 2007  |p 4494385  |r 2025-04-22  |w 2019-11-22  |y BK  |k MGC 
952 |0 0  |1 0  |4 0  |6 140_000000000000000_LAR_2007  |7 0  |8 A  |9 418615  |a BIBHIS  |b BIBHIS  |d 2019-11-22  |h v.1  |i 4545664  |o 140 LAR 2007  |p 4545664  |r 2025-01-20  |w 2019-11-22  |y BK  |k HIS 
952 |0 0  |1 0  |4 0  |6 140_000000000000000_LAR_2007  |7 0  |8 A  |9 418616  |a BIBHIS  |b BIBHIS  |d 2019-11-22  |h v.2  |i 4545672  |o 140 LAR 2007  |p 4545672  |r 2025-01-20  |w 2019-11-22  |y BK  |k HIS 
952 |0 0  |1 0  |4 0  |6 140_000000000000000_LAR_2007  |7 0  |8 X  |9 418617  |a FDOBUD  |b FDOBUD  |d 2019-11-22  |h v.1  |i 4557220  |o 140 LAR 2007  |p 4557220  |r 2019-11-22  |w 2019-11-22  |y BK_X  |k BUD 
952 |0 0  |1 0  |4 0  |6 140_000000000000000_LAR_2007  |7 0  |8 A  |9 418618  |a BIBCUR  |b BIBCUR  |d 2019-11-22  |h v.3  |i 4624076  |l 3  |m 5  |o 140 LAR 2007  |p 4624076  |r 2025-04-22  |s 2022-10-28  |w 2019-11-22  |y BK  |k MGC 
952 |0 0  |1 0  |4 0  |6 140_000000000000000_LAR_2007  |7 0  |8 A  |9 418619  |a BIBCUR  |b BIBCUR  |d 2019-11-22  |h v.3  |i 4625110  |o 140 LAR 2007  |p 4625110  |r 2025-04-22  |w 2019-11-22  |y BK  |k PER 
952 |0 0  |1 0  |4 0  |6 140_000000000000000_LAR_2007  |7 0  |8 A  |9 418620  |a BIBCUR  |b BIBCUR  |d 2019-11-22  |h v.3  |i 4627423  |o 140 LAR 2007  |p 4627423  |r 2025-04-22  |w 2019-11-22  |y BK  |k CAC 
952 |0 0  |1 2  |4 0  |6 140_000000000000000_LAR_2007  |7 0  |8 R  |9 418621  |a BIBGIM  |b BIBGIM  |d 2019-11-22  |h v.1  |i 4667700  |o 140 LAR 2007  |p 4667700  |r 2019-11-22  |w 2019-11-22  |y BK_R  |k SSL 
952 |0 0  |1 0  |4 0  |6 140_000000000000000_LAR_2007  |7 0  |8 R  |9 418622  |a BIBGIM  |b BIBGIM  |d 2019-11-22  |h v.2  |i 4667727  |o 140 LAR 2007  |p 4667727  |r 2025-01-15  |w 2019-11-22  |y BK_R  |k SSL 
952 |0 0  |1 0  |4 0  |6 140_000000000000000_LAR_2007  |7 0  |8 R  |9 418623  |a BIBGIM  |b BIBGIM  |d 2019-11-22  |h v.3  |i 4670523  |l 5  |m 1  |o 140 LAR 2007  |p 4670523  |r 2025-01-15  |s 2022-05-18  |w 2019-11-22  |y BK_R  |k SSL 
952 |0 0  |1 0  |4 0  |6 140_000000000000000_LAR_2007  |7 0  |8 R  |9 418624  |a BIBGIM  |b BIBGIM  |d 2019-11-22  |h v.1  |i 4679733  |o 140 LAR 2007  |p 4679733  |r 2025-01-15  |w 2019-11-22  |y BK_R  |k MTS 
952 |0 0  |1 0  |4 0  |6 140_000000000000000_LAR_2007  |7 0  |8 R  |9 418625  |a BIBGIM  |b BIBGIM  |d 2019-11-22  |h v.1  |i 4736559  |o 140 LAR 2007  |p 4736559  |r 2025-01-15  |w 2019-11-22  |y BK_R  |k SSL 
952 |0 0  |1 0  |4 0  |6 140_000000000000000_LAR_2007  |7 0  |8 R  |9 418626  |a BIBGIM  |b BIBGIM  |d 2019-11-22  |h v.1  |i 4738195  |o 140 LAR 2007  |p 4738195  |r 2025-01-15  |w 2019-11-22  |y BK_R  |k SSL 
952 |0 0  |1 0  |4 0  |6 140_000000000000000_LAR_2007  |7 0  |8 R  |9 418627  |a BIBGIM  |b BIBGIM  |d 2019-11-22  |h v.1  |i 4738209  |o 140 LAR 2007  |p 4738209  |r 2025-01-15  |w 2019-11-22  |y BK_R  |k SSL 
952 |0 0  |1 0  |4 0  |6 140_000000000000000_LAR_2007  |7 0  |8 A  |9 418628  |a BIBCUR  |b BIBCUR  |d 2019-11-22  |h v.1  |i 4759907  |o 140 LAR 2007  |p 4759907  |r 2025-04-22  |w 2019-11-22  |y BK  |k PER 
952 |0 0  |1 0  |4 0  |6 140_000000000000000_LAR_2007  |7 0  |8 A  |9 418629  |a BIBCUR  |b BIBCUR  |d 2019-11-22  |h v.2  |i 4759915  |o 140 LAR 2007  |p 4759915  |r 2025-04-22  |w 2019-11-22  |y BK  |k PER 
952 |0 0  |1 0  |4 0  |6 140_000000000000000_LAR_2007  |7 0  |8 A  |9 418630  |a BIBCUR  |b BIBCUR  |d 2019-11-22  |h v.3  |i 4759923  |o 140 LAR 2007  |p 4759923  |r 2025-04-22  |w 2019-11-22  |y BK  |k PER 
952 |0 0  |1 0  |4 0  |6 140_000000000000000_LAR_2007  |7 0  |8 A  |9 418631  |a BIBCUR  |b BIBCUR  |d 2019-11-22  |h v.4  |i 4759931  |o 140 LAR 2007  |p 4759931  |r 2025-04-22  |w 2019-11-22  |y BK  |k PER 
952 |0 0  |1 0  |4 0  |6 140_000000000000000_LAR_2007  |7 0  |8 A  |9 418632  |a FDOPOS  |b FDOPOS  |d 2019-11-22  |h v.1  |i 477566K  |o 140 LAR 2007  |p 477566K  |r 2025-01-22  |w 2019-11-22  |y BK  |k MLA 
952 |0 0  |1 0  |4 0  |6 140_000000000000000_LAR_2007  |7 0  |8 A  |9 418633  |a FDOPOS  |b FDOPOS  |d 2019-11-22  |h v.2  |i 4775678  |o 140 LAR 2007  |p 4775678  |r 2025-01-22  |w 2019-11-22  |y BK  |k MLA 
952 |0 0  |1 0  |4 0  |6 140_000000000000000_LAR_2007  |7 0  |8 A  |9 418634  |a FDOPOS  |b FDOPOS  |d 2019-11-22  |h v.3  |i 4775686  |o 140 LAR 2007  |p 4775686  |r 2025-01-22  |w 2019-11-22  |y BK  |k MLA 
952 |0 0  |1 0  |4 0  |6 140_000000000000000_LAR_2007  |7 0  |8 A  |9 418635  |a BIBART  |b BIBART  |d 2019-11-22  |h v.1  |i 4808584  |o 140 LAR 2007  |p 4808584  |r 2025-03-13  |w 2019-11-22  |y BK  |k ART 
952 |0 0  |1 0  |4 0  |6 140_000000000000000_LAR_2007  |7 0  |8 A  |9 418636  |a BIBART  |b BIBART  |d 2019-11-22  |h v.2  |i 4808592  |o 140 LAR 2007  |p 4808592  |r 2025-03-13  |w 2019-11-22  |y BK  |k ART 
952 |0 0  |1 0  |4 0  |6 140_000000000000000_LAR_2007  |7 0  |8 A  |9 418637  |a BIBART  |b BIBART  |d 2019-11-22  |h v.3  |i 4808606  |o 140 LAR 2007  |p 4808606  |r 2025-03-13  |w 2019-11-22  |y BK  |k ART 
952 |0 0  |1 0  |4 0  |6 140_000000000000000_LAR_2007  |7 0  |8 A  |9 418638  |a BIBART  |b BIBART  |d 2019-11-22  |h v.4  |i 4808614  |o 140 LAR 2007  |p 4808614  |r 2025-03-13  |w 2019-11-22  |y BK  |k ART 
952 |0 0  |1 0  |4 0  |6 140_000000000000000_LAR_2007  |7 0  |8 A  |9 418639  |a BIBHIS  |b BIBHIS  |d 2019-11-22  |h v.4  |i 4727916  |o 140 LAR 2007  |p 4727916  |r 2025-01-20  |w 2019-11-22  |y BK  |k HIS 
952 |0 0  |1 0  |4 0  |6 140_000000000000000_LAR_2007  |7 0  |8 A  |9 418640  |a BIBCUR  |b BIBCUR  |d 2019-11-22  |h v.4  |i 4729366  |o 140 LAR 2007  |p 4729366  |r 2025-04-22  |w 2019-11-22  |y BK  |k MGC 
952 |0 0  |1 0  |4 0  |6 140_000000000000000_LAR_2007  |7 0  |8 X  |9 418641  |a FDOBUD  |b FDOBUD  |d 2019-11-22  |h v.4  |i 4772482  |o 140 LAR 2007  |p 4772482  |r 2019-11-22  |w 2019-11-22  |y BK_X  |k BUD 
952 |0 0  |1 0  |4 0  |6 140_000000000000000_LAR_2007  |7 0  |8 A  |9 418642  |a FDOPOS  |b FDOPOS  |d 2019-11-22  |h v.4  |i 4775694  |o 140 LAR 2007  |p 4775694  |r 2025-01-22  |w 2019-11-22  |y BK  |k MLA 
952 |0 0  |1 0  |4 0  |6 140_000000000000000_LAR_2007  |7 0  |8 R  |9 418643  |a BIBGIM  |b BIBGIM  |d 2019-11-22  |h v.1  |i 4909860  |o 140 LAR 2007  |p 4909860  |r 2025-01-15  |w 2019-11-22  |y BK_R  |k SSL 
952 |0 0  |1 0  |4 0  |6 140_000000000000000_LAR_2007  |7 0  |8 R  |9 418644  |a BIBGIM  |b BIBGIM  |d 2019-11-22  |h v.2  |i 4909879  |o 140 LAR 2007  |p 4909879  |r 2025-01-15  |w 2019-11-22  |y BK_R  |k SSL 
952 |0 0  |1 0  |4 0  |6 140_000000000000000_LAR_2007  |7 0  |8 R  |9 418645  |a BIBGIM  |b BIBGIM  |d 2019-11-22  |h v.3  |i 4909887  |o 140 LAR 2007  |p 4909887  |r 2025-01-15  |w 2019-11-22  |y BK_R  |k SSL 
952 |0 0  |1 0  |4 0  |6 140_000000000000000_LAR_2007  |7 0  |8 R  |9 418646  |a BIBGIM  |b BIBGIM  |d 2019-11-22  |h v.4  |i 4909895  |l 1  |m 1  |o 140 LAR 2007  |p 4909895  |r 2025-01-15  |s 2024-01-05  |w 2019-11-22  |y BK_R  |k SSL 
952 |0 0  |1 0  |3 erb  |4 0  |6 140_000000000000000_LAR_2007  |7 0  |8 R  |9 418648  |a BIBGIM  |b BIBGIM  |h v.1  |i 5037727  |o 140 LAR 2007  |p 5037727  |r 2025-01-15  |w 2019-11-22  |y BK_R  |z Catalogado en:20131220  |k SSL 
952 |0 0  |1 0  |3 erb  |4 0  |6 140_000000000000000_LAR_2007  |7 0  |8 R  |9 418649  |a BIBGIM  |b BIBGIM  |h v.1  |i 5037719  |o 140 LAR 2007  |p 5037719  |r 2025-01-15  |w 2019-11-22  |y BK_R  |z Catalogado en:20131220  |k SSL 
952 |0 0  |1 0  |3 erb  |4 0  |6 140_000000000000000_LAR_2007  |7 0  |8 R  |9 418650  |a BIBGIM  |b BIBGIM  |h v.1  |i 5037735  |o 140 LAR 2007  |p 5037735  |r 2025-01-15  |w 2019-11-22  |y BK_R  |z Catalogado en:20131220  |k SSL 
952 |0 0  |1 0  |3 erb  |4 0  |6 140_000000000000000_LAR_2007  |7 0  |8 A  |9 418651  |a BIBCUR  |b BIBCUR  |h v.1  |i 5137683  |o 140 LAR 2007  |p 5137683  |r 2025-04-22  |w 2019-11-22  |y BK  |z Catalogado en:20150305  |k PER 
952 |0 0  |1 0  |3 erb  |4 0  |6 140_000000000000000_LAR_2007  |7 0  |8 A  |9 418652  |a BIBCUR  |b BIBCUR  |h v.2  |i 5137691  |o 140 LAR 2007  |p 5137691  |r 2025-04-22  |w 2019-11-22  |y BK  |z Catalogado en:20150305  |k PER 
952 |0 0  |1 0  |3 erb  |4 0  |6 140_000000000000000_LAR_2007  |7 0  |8 A  |9 418653  |a BIBCUR  |b BIBCUR  |h v.3  |i 5137705  |o 140 LAR 2007  |p 5137705  |r 2025-04-22  |w 2019-11-22  |y BK  |z Catalogado en:20150305  |k PER 
952 |0 0  |1 0  |3 erb  |4 0  |6 140_000000000000000_LAR_2007  |7 0  |8 A  |9 418654  |a BIBCUR  |b BIBCUR  |h v.4  |i 5137713  |l 1  |o 140 LAR 2007  |p 5137713  |r 2025-04-22  |s 2023-08-09  |w 2019-11-22  |y BK  |z Catalogado en:20150305  |k PER